| 000 | 00583nam a2200217 a 4500 | ||
|---|---|---|---|
| 001 | 519 | ||
| 003 | BR-CuiBMT | ||
| 005 | 20231129055257.0 | ||
| 008 | 231108b2008 rjb 000 0 por d | ||
| 020 | _a9788530927035 | ||
| 040 |
_aBR-CuiBMT _cBR-CuiBMT |
||
| 080 |
_22007 _a343.2 |
||
| 090 |
_a343.2 _bB817c |
||
| 100 | 1 |
_aBrandão, Cláudio, _d1974- |
|
| 245 | 1 | 0 |
_aCurso de direito penal : _bparte geral / _cCláudio Brandão. |
| 250 | _a[1. ed.] | ||
| 260 |
_aRio de Janeiro : _bForense, _c2008. |
||
| 300 |
_a413 p. ; _c24 cm |
||
| 650 |
_aDireito penal _zBrasil |
||
| 942 |
_2udc _cLV |
||
| 999 |
_c519 _d519 |
||